Architectual Handbook : Environmental Analysis, architechral programming, design and technology and construction

Bibliographic Details
Main Author: Kemper, Alfred M.
Format: Book
Published: New York : John Wiley and Sons , 1979
Subjects:

MARC

LEADER 00000cam a2200000 7i4500
001 0000002667
005 20021112.0
020 |a 0471020972 
040 |a INS 
090 0 0 |a RNA254.   |b K37 1979 
100 1 |a Kemper, Alfred M. 
245 1 0 |a Architectual Handbook :   |b Environmental Analysis, architechral programming, design and technology and construction   |c Alfred M. Kemper 
260 |a New York :   |b John Wiley and Sons ,   |c 1979 
300 |a xiv, 591p. :   |b illus ;   |c 29 cm. 
650 0 0 |a Architecture   |x handbook   |x manual, etc. 
999 |a 0000000970   |b BOOK   |c Reference   |e Default branch